01888cam a22004214i 4500003000900000005001700009008004100026035002000067040003300087049000900120082001900129100002900148245005700177264003300234300003900267336002100306337002500327338002300352505055200375526001000927526001000937526001000947526001000957526000800967526000800975526000800983526000800991526000800999526000801007526000801015650002701023942001401050994001401064596000601078999015701084980005501241952017001296PE-LiUPU20250731172930.0 s1968 xxu gr 000 0 eng d a(Sirsi) a204391 aPE-LiUPUbspacPE-LiUPUerda aPRUA04a291.2bK992211 aKuyper, Abraham,eautor.10aPrinciples of the sacred theology /cAbraham Kuyper. 1aMichigan :bMarshall,c1968. a487 páginas ;c20 centímetros. atext2rdacontent aunmediated2rdamedia avolume2rdacarrier2 aTheological encyclopedia -- The name encyclopedia -- The idea of encyclopedia -- The conception of encyclopedia -- The conception of theological encyclopedia -- The organism of science -- The conception of science -- Science impaired by sin -- The twofold develpment of science -- Division of science -- Theology in the organism of science -- The conception of theology -- The fundamental, regulative, and distinctive principle of theology, or principium theologiae -- The method of theology -- The organism of theology -- The history of theology. aSEG42 aSEG41 aSEG40 aSEG39 aP94 aP87 aP86 aP85 aP77 aP76 aP3504aTeologíaxPrincipios 2ddccBOOK aC0bPEPRU a1 a291.2 K99wLCc20752i76260f2021-11-11g4lCCODEBUL1mBULp10.00r0sYtBOOKu2017-6-15xTEOLOGIAPP850DONACIONo.STAFF. Colección Teologíad20752 81gALBERTO SANCHEZ Responsable de Automatización r2025-12-02 00:00:00i5l0o291.2 K99p76260te1v15.00w2017-06-15xPGyBKzinventario-2023-12-13102ddc50708GENfP85aBULbBULcGENd2017-06-15eDONACIONg10.00